000 01046nam a22002898a 4500
001 015663930
003 OSt
005 20150120140741.0
008 100930r20112008xxkadk fr2b f001 0 eng d
020 _a9780521189842 (pbk.)
020 _a0521189845 (pbk.)
040 _aStDuBDS
_beng
_cStDuBDS
_dEG-ScBUE
082 0 0 _a004.36
_222
_bKSH
100 1 _aKshemkalyani, Ajay D.
_911317
245 1 0 _aDistributed computing :
_bprinciples, algorithms, and systems /
_cAjay D. Kshemkalyani and Mukesh Singhal.
250 _a1st ed.,
_breprinted.
260 _aCambridge, United Kingdom ;
_aNew York, United States :
_bCambridge University Press,
_c2011.
300 _axvii, 736 p. :
_bcharts, forms, tables ;
_c25 cm.
500 _aIndex : p. 731-736.
500 _aReprint of the 2008 ed.
504 _aIncludes bibliographical references.
650 0 _aElectronic data processing
_xDistributed processing
_94260
653 _bENGELC
_cJanuary2015
655 _vreading book
_934232
700 1 _aSinghal, Mukesh
_911319
942 _2ddc
_k004.36 KSH
999 _c18917
_d18889